| 000 | 00767 a2200313 4500 | ||
|---|---|---|---|
| 001 | 112013 | ||
| 020 | _a9788537623510 | ||
| 041 | _apor | ||
| 082 | _a028.5 | ||
| 100 | _aKlein, Cristina. | ||
| 697 | _aGenerosidade. | ||
| 697 | _aSuperação | ||
| 697 | _aValores - Ética. | ||
| 697 | _aPerseverança. | ||
| 697 | _aRespeito. | ||
| 697 | _aAmizade. | ||
| 697 | _aAutoconfiança. | ||
| 697 | _aLiteratura infantojuvenil. | ||
| 697 | _aHonestidade. | ||
| 697 | _aPrudência. | ||
| 697 | _aResponsabilidade. | ||
| 697 | _aTolerância. | ||
| 856 | _u00001f/00001fba.jpg | ||
| 040 |
_aBR-BrIDEA _cBR-BrIDEA |
||
| 090 |
_aPL 028 _bKLE |
||
| 245 | 1 | 0 |
_aDescobrindo valores _c Cristina Klein |
| 260 |
_aSão Paulo _bTodolivro _c2014 |
||
| 942 | _cBK | ||
| 999 |
_c112013 _d112013 |
||